Quizzes
Events
Quiz Creation
Community
Videos
Private Events
Remove Ads
Sign In
Join for FREE
Feedback
Dark Mode
Quiz Categories
Sports
Geography
Music
Movies
Television
Just For Fun
Miscellaneous
History
Literature
Language
Science
Gaming
Entertainment
Religion
Holiday
For Kids
Quiz Lab
Recent
Popular Today
Quiz Kudos Today
Editor Picks
Curator Picks
Quizzes by...
Day
Popularity
Type
Ratings
Length
Year
Community
Subscriptions
Recent Discussions
Orange Saloon
Badges
Playlists
Quests
Create
Leaderboards
Showdown
Live 5
Trivia Bingo
Activity
Puzzle Library
Sporcle Events
Private Events
Virtual Trivia
Globe League
Become a Host
Pub Owners
SporcleCon
Opinionation
Our Games
Videos
Blog
Mobile Apps
Partnerships
Remove Ads and Go Orange
Feedback
Just For Fun
Clickable
Get the Picture
Humor
Quick Pick
Word Ladder
Missing Word
Mixed Word
Blitz
Minefield
This or That
Alphabet
Color
Typing
Sporcle
Puzzle
Word Play
Follow That Line
Logic
Just For Fun
Clickable
Get the Picture
Humor
Quick Pick
Word Ladder
Missing Word
Mixed Word
Blitz
Minefield
This or That
Alphabet
Color
Typing
Sporcle
Puzzle
Word Play
Follow That Line
Logic
Random Quiz
Search Sporcle
×
Quiz Lab
Quiz Lab
Just For Fun
house
Type in answers that appear in a list
Type in answers that appear in a list
Classic
Best Score? Go Orange.
Getting Housed Stats
Can you name the words or phrases including the word 'house'?
By
m_albert
6m
20 Questions
10 Plays
10 Plays
10 Plays
Comments
Comments
Give Quiz Kudos
Give Quiz Kudos
-
- Ratings
hide this ad
Replay
Link that replays current quiz
Next Quiz
Link to next quiz in quiz playlist
You Got
0%
They Got
Avg Score
48%
Avg Friend Score
Upgrade to see
Score Distribution
Jump to the score distribution portion of the page
Score
0/20
Timer
06:00
0
Plays Today
Hint
Answer
% Correct
Obama Residence
White House
100%
It beats a flush
Full House
80%
24-
Hour breakfast chain
Waffle House
80%
Non-
24 hour breakfast chain
International House of Pancakes
80%
Laura Ingalls Wilder novel
Little House on the Prairie
70%
Largest book publishing company in America
Random House
70%
'Good to the Last Drop' coffee brand
Maxwell House
70%
Indoor garden
Greenhouse
60%
Possible DUI punishment
House Arrest
60%
The 'Biggest Little' one was apparently in Texas
Whorehouse
60%
Hint
Answer
% Correct
'Jump Around' group
House of Pain
50%
American flag historical attraction in Philadelphia
Betsy Ross House
30%
Animals song
House of the Rising Sun
30%
Synonym for saison beer style
Farmhouse Ale
20%
Arena for the Kansas Jayhawks
Allen Fieldhouse
20%
Lager from Miller Brewing Co.
Icehouse
20%
Guard traded to the Miami Heat in 2010
Eddie House
20%
1990 Comedy featuring Kid 'n Play
House Party
20%
Led Zeppelin album
Houses of the Holy
10%
Kurt Vonnetugt book of short stories
Welcome to the Monkey House
10%
Quiz Playlist
Details
Report
Send in Message
Add To Playlist
Classic:
Type in answers that appear in a list
Last Updated: Feb 16, 2017
Quiz Scoreboard
CHALLENGE
Sign Up to Join the Scoreboard
Show All
Scores
Hide
Comments
May contain spoilers
Recently Published
NBA Finals Game Top Scorers (2010s)
by flibbidy
Sports
5m
Guess the 'R' Things in 3 Words
by MSUKent
Miscellaneous
3m
Actor to Badly Drawn Movie III
by MoMosMoProblems
Movies
5m
More to Explore
Quiz From the Vault
Featured Blog Post
Where Does Lost Luggage Go?
hide this ad
You Might Also Like...
Tags
house
phrase
Today's Top Quizzes in Just For Fun
Browse Just For Fun
hide this ad
Today's Top Quizzes in house
Browse house
Top Contributed Quizzes in Just For Fun
1
CrossWordLadder XXIII
2
Erkennst du die Lieblingsgerichte der watsons?
3
Quick Pick: Famous Davids
4
Guess Who in 3 Images
5
Sporcle Events Newsletter Bonus Questions 3/18/24
6
CrossWordLadder XXIV
7
CrossWordLadder XLIII
8
CrossWordLadder XXV
9
Trees Logic Puzzle 616
10
Order the Mini Maze II
Explore More
Trending Topics
Disney
Marvel
Crossword
Kpop
Harry Potter
Anime
NBA
Country
WWE
Song
NFL
Pokémon
Puzzle
The Office
Soccer
hide this ad
More By:
m_albert
Quiz
Plays
Rating
Category
Featured
Created
Shakespeare, Splinter or Carlin?
380
4.75
Just For Fun
Aug 3, 2011
Orson Welles as Unicron
187
4.00
Movies
Aug 2, 2011
Getting Housed
10
Just For Fun
Aug 1, 2011
Go to Creator's Profile
Score Distribution
Quiz Creator Spotlight
m_albert
Follow
Send a Message
Quizzes Created
-
Created Quiz Play Count
-
More By This Creator
Popular Quizzes Today
1
Find the US States - No Outlines Minefield
2
Find the US States
3
The Countries of the World
4
10 Largest US States in Order
5
Find the Countries of Europe - No Outlines Minefield
6
US States
7
Guess the 'R' Things in 3 Words
8
NBA Finals Game Top Scorers (2010s)
More Just For Fun Quizzes
Easy Sudoku #18
Quiz Lab
Trending Quizzes
First Name TV: Leading Men
Match the Book to the Film II
First Name TV: Leading Women Drama
Match the Book to the Film VI
Pick A Pair: Religious TV
Recently Updated
Women's Final Four Teams by Year
bhenderson79
Presidents Quartet II
eogle
Anything But Clue(do)
eogle
Anything But Oceanian Capitals
eogle
Anything But 7
eogle
Anything But Thing
eogle
Word Ladder: February 29
pecheneg
Song Title Questions
pecheneg
Women's NCAA Tournament #1 Seeds
pecheneg
Celebrity Mug Shots
pecheneg
Trending Topics
Harry Potter
Kpop
Anime
Marvel
Disney
NBA
Crossword
Soccer
Country
The Office
Puzzle
WWE
NFL
Song
Pokémon
Your Account Isn't Verified!
In order to create a playlist on Sporcle, you need to verify the email address you used during registration. Go to your
Sporcle Settings
to finish the process.
Report this User
Report this user for behavior that violates our
Community Guidelines
.
Details:
Send Report
Go to the Sporcle.com Mobile Site →
Comments